Raw rubber, and rubber latex- Determination of manganese content- Potassikum periodate photometric method (Record no. 74034)

MARC details
000 -LEADER
fixed length control field 00422nam a2200121Ia 4500
245 #0 - TITLE STATEMENT
Title Raw rubber, and rubber latex- Determination of manganese content- Potassikum periodate photometric method
260 ## - PUBLICATION, DISTRIBUTION, ETC. (IMPRINT)
Place of publication Switzerland
260 ## - PUBLICATION, DISTRIBUTION, ETC. (IMPRINT)
Year of publication 1975
Name of publisher International Organisation for Standards
500 ## - GENERAL NOTE
General note Standard number: ISO 1655
650 ## - SUBJECT ADDED ENTRY--TOPICAL TERM
Topical Term Raw rubber-Rubber latex
942 ## - ADDED ENTRY ELEMENTS (KOHA)
Koha item type Standards
Holdings
Withdrawn status Lost status Damaged status Not for loan Home library Current library Date acquired Koha item type
      Standards RRII Library RRII Library 31/12/2021 Standards